| 000 | 00000nam##2200000za#4500 |
| 001 | 9.606741 |
| 003 | CaOODSP |
| 005 | 20210624212759 |
| 007 | cr ||||||||||| |
| 008 | 150406|1997||||xxc|||||o f|0| 0 fre|d |
| 022 | |a1488-545X |
| 040 | |aCaOODSP|bfre |
| 043 | |an-cn--- |
| 086 | 1 |aFs97-6/2152F-PDF |
| 110 | 1 |aCanada. |bMinistère des pêches et des océans. |
| 245 | 10|aOptimisation de la récolte de chair et mortalité durant les opérations de pêche au crabe des neiges (Chionoecetes opilio O. Fabricius) dans l'est canadien / |h[ressource électronique]|c[par] Réjean Dufour, Denis Bernier et Jean-Claude Brêthes. |
| 260 | |aMont-Joli - Québec : |bPêches et Océans Canada |c1997. |
| 300 | |a41p.|bfigures, références, tableaux |
| 490 | 1 |aRapport technique canadien des sciences halieutiques et aquatiques|x1488-545X|vN° 2152 |
| 500 | |aSur la p. de t. : Direction des Sciences, Institut Maurice Lamontagne, Mont Joli, (Québec). Le n° de catalogue et l'ISSN de l'édition imprimée apparaissent dans cette version électronique. |
| 546 | |a(Abstract in English). |
| 590 | |a14-05-Supp|b2014-02-26 |
| 720 | 1 |aDufour, Réjean |
| 720 | 1 |aBernier, Denis |
| 720 | 1 |aBrêthes, Jean-Claude |
| 775 | 08|tOptimization of meat yield and mortality during snow crab (Chionoecetes opilio O. Fabricius) fishing operations in Eastern Canada / |w(CaOODSP)9.579139 |
| 830 | #0|aRapport technique canadien des sciences halieutiques et aquatiques,|x1488-545X|vN° 2152|w(CaOODSP)9.500867 |
| 856 | 40|ahttp://publications.gc.ca|qPDF|s386 Ko|uhttps://publications.gc.ca/collections/collection_2014/mpo-dfo/Fs97-6-2152-fra.pdf|yN° 2152 |